000 01062nam0a2200301 4500
001 RU\NLR\ONL2\5253
005 20250613125607.0
010 _a5-295-03498-4
_92000
035 _a(NLR Aleph) 009652851
090 _a9577835
_c9577835
100 _a20060529d2005 |||y0rusy50 ca
101 0 _abak
102 _aRU
105 _ac |||||||||
200 1 _aЙондоззар астында hигез ай
_eПовесть, очерктар
_fМансаф Fилэжев
210 _aОфо
_cКитап
_d2005
215 _a270, [2] б.
_cпортр.
_d21
541 1 _6z01790
_aПод звездами восемь месяцев
_eПовесть, очерки.
_zrus
686 1 _aШ6(2=Баш)7-4
700 1 _aFилэжев
_bМ. Т.
_gМансаф Тазетдин улы
_4070
790 1 _6z01541
_aГилязев
_bМ. Т.
_gМансаф Тазетдинович
_4070
801 0 _aRU
_bNLR
_c20060529
_gPSBO
852 _aNLR
_bОНЛ
_jБашк./3-4805
942 _cBOOK
980 _aNB
980 _aONL_RF